Pokémon - Attacken von Chelterrar in KA/PU - Statistiken

Allgemein
  • Dieses Quiz wurde 6 mal gespielt
  • Das Durchschnittsergebnis liegt bei 22 aus 78
Antwortstatistiken
Antwort % Korrekt
Rasierblatt
100%
Tackle
100%
Absorber
83%
Erdbeben
83%
Gigasauger
83%
Megasauger
83%
Panzerschutz
83%
Biss
67%
Bodycheck
67%
Bodyslam
67%
Egelsamen
67%
Knirscher
67%
Solarstrahl
67%
Wachstum
67%
Erholung
50%
Risikotackle
50%
Sonnentag
50%
Steinhagel
50%
Steinkante
50%
Synthese
50%
Zauberblatt
50%
Dampfwalze
33%
Eisenabwehr
33%
Erdkräfte
33%
Felsgrab
33%
Flora-Statue
33%
Fluch
33%
Holzhammer
33%
Hyperstrahl
33%
Lichtschild
33%
Pferdestärke
33%
Sandsturm
33%
Schutzschild
33%
Sorgensamen
33%
Blättersturm
17%
Eisenschädel
17%
Energieball
17%
Fruststampfer
17%
Gigastoß
17%
Hausbruch
17%
Kraftkoloss
17%
Lehmschelle
17%
Pflanzensäulen
17%
Rammboss
17%
Reflektor
17%
Samenbomben
17%
Sandgrab
17%
Schlafrede
17%
Strauchler
17%
Tera-Ausbruch
17%
Wegbereiter
17%
Amnesie
0%
Ausdauer
0%
Body Press
0%
Brandsand
0%
Brüller
0%
Delegator
0%
Entfessler
0%
Fassade
0%
Felswurf
0%
Fuchtler
0%
Grasfeld
0%
Grasrutsche
0%
Grimasse
0%
Horter
0%
Katapult
0%
Kugelsaat
0%
Lehmschuss
0%
Rundumschutz
0%
Schallwelle
0%
Schmetterramme
0%
Schwerttanz
0%
Spaßkanone
0%
Stahlpresse
0%
Tarnsteine
0%
Verzehrer
0%
Wutanfall
0%
Zen-Kopfstoß
0%
Keine übereinstimmenden Quizze gefunden
Verteilung der Resultate
Anzahl Personen mit jedem Resultat
Perzentil nach korrekt beantworteten Fragen
Ihre Resultats-Entwicklung
Sie haben dieses Quiz noch nicht gespielt